[Event "2015 British Chess Championships: Championship"]
[Site "University of Warwick, Coventry, Warwickshire"]
[Date "2015.08.06"]
[Round "10"]
[Board "10"]
[White "Hill, Alistair"]
[Black "Jones, Steven A"]
[Result "0-1"]
[WhiteElo "2159"]
[BlackElo "2126"]
[PlyCount "78"]
[EventDate "2015.07.27"]
[EventRounds "11"]
[EventCountry "ENG"]

1. e4 c5 2. Nf3 Nc6 3. d4 cxd4 4. Nxd4 Nf6 5. Nc3 e5 6. Ndb5 d6 7. Bg5 a6 8.
Na3 b5 9. Nd5 Qa5+ 10. Bd2 Qd8 11. Bd3 Nxd5 12. exd5 Ne7 13. c4 g6 14. cxb5 Bg7
15. O-O O-O 16. Bc4 f5 17. Qa4 Qd7 18. Qb3 f4 19. f3 Nf5 20. Nc2 axb5 21. Bxb5
Qa7+ 22. Kh1 Rb8 23. a4 Bd7 24. Qd3 Bxb5 25. axb5 Qd7 26. Ra5 Bf6 27. Nb4 Bd8
28. Nc6 Bxa5 29. Bxa5 Rb7 30. Rc1 Kg7 31. b6 Rc8 32. Rc3 Qf7 33. Qb5 Ne3 34.
Rd3 Ra8 35. Kg1 Qf5 36. g4 Qg5 37. Na7 Qh4 38. Qc6 Raxa7 39. bxa7 Rxb2 0-1

[Event "2015 British Chess Championships: Championship"]
[Site "University of Warwick, Coventry, Warwickshire"]
[Date "2015.08.06"]
[Round "10"]
[Board "11"]
[White "Lam, Paul G M"]
[Black "Richards, Heather S"]
[Result "1/2-1/2"]
[WhiteElo "2136"]
[BlackElo "2141"]
[PlyCount "128"]
[EventDate "2015.07.27"]
[EventRounds "11"]
[EventCountry "ENG"]

1. g3 d6 2. Bg2 e5 3. e4 Nf6 4. Ne2 Be7 5. O-O c6 6. d4 Nbd7 7. b3 O-O 8. Bb2
b5 9. Nd2 Bb7 10. c4 Re8 11. h3 Bf8 12. Qc2 Rc8 13. f4 g6 14. g4 bxc4 15. fxe5
dxe5 16. g5 Nh5 17. Qxc4 Re6 18. Rxf7 Kxf7 19. Rf1+ Ke7 20. Qb4+ Ke8 21. Qxb7
Rb8 22. Qa6 Rb5 23. Qa4 Nb6 24. Qxa7 Be7 25. Ba3 Nc8 26. Bxe7 Nxa7 27. Bxd8
Kxd8 28. Nc4 Re7 29. Rf8+ Kc7 30. Nxe5 c5 31. Nc3 cxd4 32. Nxb5+ Nxb5 33. Rf7
Rxf7 34. Nxf7 Nc3 35. Ne5 Nf4 36. Bf1 Nxa2 37. Kf2 Nc1 38. b4 Na2 39. b5 Nc3
40. Kf3 Ne6 41. h4 Nc5 42. Nc6 d3 43. Ke3 Nxb5 44. Nb4 d2 45. Kxd2 Nxe4+ 46.
Ke3 Nbd6 47. Kf4 Nd2 48. Bh3 Kd8 49. Nd5 Ne8 50. Be6 Ng7 51. Bg4 Ne8 52. Ke5
Nc4+ 53. Ke6 Nc7+ 54. Nxc7 Kxc7 55. Kf6 Ne3 56. Bh3 Kd6 57. Kf7 Ke5 58. Kg8 Nf5
59. h5 gxh5 60. Kxh7 h4 61. g6 Ne7 62. g7 Kf6 63. Bg2 Kf7 64. Bd5+ Kf6 1/2-1/2

[Event "2015 British Chess Championships: Championship"]
[Site "University of Warwick, Coventry, Warwickshire"]
[Date "2015.08.06"]
[Round "10"]
[Board "12"]
[White "Lewis, Andrew P"]
[Black "Jones, William E G"]
[Result "1-0"]
[WhiteElo "2295"]
[BlackElo "2115"]
[PlyCount "95"]
[EventDate "2015.07.27"]
[EventRounds "11"]
[EventCountry "ENG"]

1. Nf3 Nf6 2. c4 g6 3. Nc3 Bg7 4. e4 d6 5. d4 O-O 6. Be2 e5 7. O-O Nc6 8. d5
Ne7 9. Ne1 Nd7 10. Nd3 f5 11. Bd2 Nf6 12. f3 f4 13. c5 g5 14. cxd6 cxd6 15. Nf2
Ng6 16. Qc2 Rf7 17. Rfc1 Ne8 18. a4 Bf8 19. Nb5 Bd7 20. Qb3 Nh4 21. Rc3 Rg7 22.
h3 a6 23. Na3 Rb8 24. Be1 h5 25. a5 Nf6 26. Qd1 Ng6 27. Nc4 Nh8 28. Nb6 Nf7 29.
Rac1 Nh6 30. Rc7 Be8 31. Rxg7+ Bxg7 32. Qc2 Nd7 33. Nc8 Nf7 34. Bb4 Nf8 35. Qc7
Qxc7 36. Rxc7 Bd7 37. Nxd6 Nxd6 38. Bxd6 Rc8 39. Nd3 Rxc7 40. Bxc7 Bb5 41. Kf2
Bxd3 42. Bxd3 Kf7 43. b4 Nd7 44. Bc4 Nf6 45. d6+ Ke8 46. b5 axb5 47. Bxb5+ Nd7
48. Ke2 1-0

[Event "2015 British Chess Championships: Championship"]
[Site "University of Warwick, Coventry, Warwickshire"]
[Date "2015.08.06"]
[Round "10"]
[Board "13"]
[White "Taylor, Adam A"]
[Black "Storey, Charles H"]
[Result "1/2-1/2"]
[WhiteElo "2055"]
[BlackElo "2245"]
[PlyCount "65"]
[EventDate "2015.07.27"]
[EventRounds "11"]
[EventCountry "ENG"]

1. Nf3 c5 2. g3 b6 3. Bg2 Bb7 4. c4 g6 5. O-O Bg7 6. Nc3 Nh6 7. e4 Ng4 8. d3
Nc6 9. h3 Nge5 10. Nxe5 Bxe5 11. Be3 Nd4 12. Ne2 Nxe2+ 13. Qxe2 Qc7 14. Rad1 d6
15. b3 O-O 16. f4 Bg7 17. f5 Be5 18. Qg4 Kh8 19. Bg5 gxf5 20. exf5 Rg8 21. f6
Bxg2 22. Kxg2 Qc6+ 23. Kh2 Rg6 24. fxe7 f6 25. h4 Rag8 26. Rde1 Re8 27. Qe6
fxg5 28. Rf8+ Kg7 29. Rf7+ Kh8 30. Rf8+ Kg7 31. Rf7+ Kh8 32. Rf8+ Kg7 33. Rf7+
 1/2-1/2

[Event "2015 British Chess Championships: Championship"]
[Site "University of Warwick, Coventry, Warwickshire"]
[Date "2015.08.06"]
[Round "10"]
[Board "14"]
[White "Gower, Sam"]
[Black "Wadsworth, Matthew J"]
[Result "0-1"]
[WhiteElo "1915"]
[BlackElo "2160"]
[PlyCount "78"]
[EventDate "2015.07.27"]
[EventRounds "11"]
[EventCountry "ENG"]

1. e4 c5 2. Nf3 e6 3. c4 Nc6 4. d4 cxd4 5. Nxd4 Nf6 6. Nc3 Bb4 7. Nxc6 bxc6 8.
Bd3 e5 9. O-O O-O 10. Be3 Bxc3 11. bxc3 d6 12. c5 d5 13. exd5 Nxd5 14. Bd2 f5
15. c4 Nf6 16. Bc3 Qe7 17. Qa4 Bd7 18. Rad1 e4 19. Bc2 e3 20. Bxf6 exf2+ 21.
Rxf2 Rxf6 22. Qb4 Raf8 23. Rd6 f4 24. Qd2 Bg4 25. h3 Be6 26. Rf3 Bxc4 27. Bxh7+
Kh8 28. Bd3 Rxd6 29. cxd6 Qxd6 30. Qe2 Bd5 31. Rf2 f3 32. gxf3 Qg3+ 33. Rg2
Qxf3 34. Qxf3 Rxf3 35. Rd2 Rxh3 36. Bf1 Rh1+ 37. Kf2 Rh2+ 38. Ke3 Rxd2 39. Kxd2
Bxa2 0-1

[Event "2015 British Chess Championships: Championship"]
[Site "University of Warwick, Coventry, Warwickshire"]
[Date "2015.08.06"]
[Round "10"]
[Board "15"]
[White "Okhai, Shabir"]
[Black "Burrows, Martin P"]
[Result "0-1"]
[WhiteElo "1994"]
[BlackElo "2148"]
[PlyCount "116"]
[EventDate "2015.07.27"]
[EventRounds "11"]
[EventCountry "ENG"]

1. e4 c5 2. Nf3 d6 3. d4 cxd4 4. Nxd4 Nf6 5. Nc3 a6 6. Be3 e5 7. Nb3 Be6 8. f3
Nbd7 9. g4 b5 10. g5 b4 11. Ne2 Nh5 12. Qd2 a5 13. Ng3 Nxg3 14. hxg3 a4 15. Nc1
Qa5 16. f4 g6 17. Nd3 d5 18. Bg2 d4 19. Bf2 Bd6 20. O-O O-O 21. Be1 Bc4 22. f5
Qb5 23. f6 b3 24. Rf3 bxc2 25. Qxc2 Rfc8 26. Bf1 Bxd3 27. Qxd3 Qxd3 28. Bxd3
Rab8 29. Rb1 Nc5 30. Bc2 Ne6 31. Bd3 Nxg5 32. Rf1 Ne6 33. Kf2 Rc6 34. Bd2 Rcb6
35. Bc1 h5 36. Rd1 Kf8 37. Kf3 Ke8 38. Bc4 Kd7 39. b3 a3 40. Bxe6+ Kxe6 41. Bg5
Rc8 42. Rbc1 Rbc6 43. Rxc6 Rxc6 44. Rc1 Rxc1 45. Bxc1 Kxf6 46. Bd2 Ke6 47. b4
Kd7 48. b5 Be7 49. g4 hxg4+ 50. Kxg4 Kc7 51. Ba5+ Kb7 52. Kg3 Bg5 53. Kg4 Bf4
54. Kf3 d3 55. Bb4 Kb6 56. Bxa3 Kxb5 57. Bb2 g5 58. Bc3 g4+ 0-1

[Event "2015 British Chess Championships: Championship"]
[Site "University of Warwick, Coventry, Warwickshire"]
[Date "2015.08.06"]
[Round "10"]
[Board "16"]
[White "Burnett, Jim"]
[Black "Weaving, Richard"]
[Result "0-1"]
[WhiteElo "2091"]
[BlackElo "2257"]
[PlyCount "68"]
[EventDate "2015.07.27"]
[EventRounds "11"]
[EventCountry "ENG"]

1. d4 Nf6 2. c4 e6 3. Nf3 d5 4. Nc3 dxc4 5. e3 a6 6. Bxc4 b5 7. Bb3 Bb7 8. O-O
c5 9. Qe2 Nbd7 10. Rd1 Qb8 11. d5 exd5 12. Nxd5 c4 13. Nxf6+ Nxf6 14. Bc2 Bd6
15. a4 O-O 16. h3 Qc7 17. axb5 axb5 18. Rxa8 Rxa8 19. b3 Nd5 20. Bd2 Ra2 21.
bxc4 bxc4 22. Be1 g6 23. Rd4 c3 24. Ra4 Rb2 25. Nd4 Nb4 26. Ra1 Be5 27. Rc1 Na2
28. Ra1 Nb4 29. Rc1 Na2 30. Ra1 Be4 31. Bxe4 Rxe2 32. Nxe2 Qc4 33. Rxa2 Qxa2
34. Nxc3 Qa5 0-1

[Event "2015 British Chess Championships: Championship"]
[Site "University of Warwick, Coventry, Warwickshire"]
[Date "2015.08.06"]
[Round "10"]
[Board "17"]
[White "Coleman, David J"]
[Black "Asenov, Pavel"]
[Result "0-1"]
[WhiteElo "2231"]
[BlackElo "2081"]
[PlyCount "82"]
[EventDate "2015.07.27"]
[EventRounds "11"]
[EventCountry "ENG"]

1. e4 c5 2. Nf3 d6 3. d4 cxd4 4. Nxd4 Nf6 5. Nc3 a6 6. Bg5 e6 7. f4 Qb6 8. Qd2
Nc6 9. Nb3 Ng4 10. h3 Qe3+ 11. Qe2 Qg3+ 12. Kd2 Nf2 13. Rh2 Be7 14. Bxe7 Nxe7
15. Qf3 Qxh2 16. Qxf2 Ng6 17. Ne2 e5 18. f5 Nf4 19. Ng1 Nh5 20. Ne2 g5 21. Qf3
Nf6 22. g4 h5 23. Bg2 hxg4 24. hxg4 Qh6 25. c4 Qf8 26. Rd1 b6 27. Qe3 Rb8 28.
Bf3 Qe7 29. Nc3 Rh3 30. Qe2 Bb7 31. Qg2 Rh4 32. Kc1 Rc8 33. Qd2 Rxc4 34. Qxg5
Nxe4 35. Qg8+ Kd7 36. Bxe4 Bxe4 37. Nd2 Rc8 38. Qg7 Bb7 39. Kb1 f6 40. Qg6 Rch8
41. g5 fxg5 0-1

[Event "2015 British Chess Championships: Championship"]
[Site "University of Warwick, Coventry, Warwickshire"]
[Date "2015.08.06"]
[Round "10"]
[Board "18"]
[White "Osborne, Marcus E"]
[Black "Shaw, Peter"]
[Result "1-0"]
[WhiteElo "2190"]
[BlackElo "2146"]
[PlyCount "81"]
[EventDate "2015.07.27"]
[EventRounds "11"]
[EventCountry "ENG"]

1. c4 e5 2. Nc3 d6 3. g3 f5 4. d4 Nf6 5. dxe5 dxe5 6. Qxd8+ Kxd8 7. Bg5 c6 8.
Nf3 e4 9. O-O-O+ Ke7 10. Nd4 Kf7 11. Bh3 g6 12. f3 exf3 13. exf3 Bc5 14. Rhe1
Rd8 15. Be3 Na6 16. Bg2 Be7 17. h3 h5 18. Bg5 Nc5 19. Rxe7+ Kxe7 20. Nxc6+ bxc6
21. Bxf6+ Kxf6 22. Rxd8 Ke7 23. Rh8 f4 24. g4 hxg4 25. hxg4 Nd3+ 26. Kd2 Ne5
27. b3 Bb7 28. Rh7+ Nf7 29. Ne4 Rh8 30. Rxh8 Nxh8 31. Kc3 Bc8 32. Kd4 Nf7 33.
Bf1 Be6 34. Bd3 g5 35. Nc5 Kd6 36. Bg6 Nd8 37. Ne4+ Ke7 38. Ke5 c5 39. Nxg5
Nc6+ 40. Kxf4 Kf6 41. Nxe6 1-0

[Event "2015 British Chess Championships: Championship"]
[Site "University of Warwick, Coventry, Warwickshire"]
[Date "2015.08.06"]
[Round "10"]
[Board "19"]
[White "Grieve, Harry"]
[Black "Hackner, Oskar A"]
[Result "0-1"]
[WhiteElo "1899"]
[BlackElo "2162"]
[PlyCount "50"]
[EventDate "2015.07.27"]
[EventRounds "11"]
[EventCountry "ENG"]

1. e4 e6 2. d4 d5 3. Nc3 Nf6 4. e5 Nfd7 5. Nce2 c5 6. c3 Nc6 7. f4 cxd4 8. Nxd4
Nc5 9. Ngf3 f5 10. Bb5 Bd7 11. g4 fxg4 12. Bxc6 bxc6 13. Ng5 Be7 14. Qxg4 Bxg5
15. Qxg5 Qxg5 16. fxg5 Nd3+ 17. Kd2 Nxe5 18. Re1 Nc4+ 19. Kc2 O-O 20. b3 Rf2+
21. Kd3 Nd6 22. Nxe6 Rf3+ 23. Ke2 Rxc3 24. Bd2 Rh3 25. Kd1 Ne4 0-1

[Event "2015 British Chess Championships: Championship"]
[Site "University of Warwick, Coventry, Warwickshire"]
[Date "2015.08.06"]
[Round "10"]
[Board "20"]
[White "Mason, Donald J"]
[Black "Hegarty, Sarah N"]
[Result "1-0"]
[WhiteElo "2145"]
[BlackElo "2075"]
[PlyCount "79"]
[EventDate "2015.07.27"]
[EventRounds "11"]
[EventCountry "ENG"]

1. d4 d5 2. Nf3 e6 3. c4 c6 4. Nc3 dxc4 5. e3 b5 6. a4 Bb4 7. Bd2 a5 8. axb5
Bxc3 9. Bxc3 cxb5 10. b3 Bb7 11. bxc4 b4 12. Bb2 Nf6 13. Bd3 O-O 14. O-O Nbd7
15. Nd2 Qc7 16. f4 Rfd8 17. Qe2 a4 18. Rab1 Qd6 19. e4 Ne8 20. e5 Qe7 21. f5
exf5 22. Rxf5 b3 23. Rbf1 f6 24. exf6 Qxe2 25. f7+ Kf8 26. fxe8=Q+ Kxe8 27.
Bxe2 a3 28. Bf3 Bxf3 29. Re1+ Ne5 30. Rexe5+ Kd7 31. Rxf3 axb2 32. Rxb3 Ra1+
33. Kf2 Rf8+ 34. Ke2 Rg1 35. Rxb2 Rxg2+ 36. Kd3 Rff2 37. c5 Rxh2 38. d5 g6 39.
c6+ Kd8 40. d6 1-0

[Event "2015 British Chess Championships: Championship"]
[Site "University of Warwick, Coventry, Warwickshire"]
[Date "2015.08.06"]
[Round "10"]
[Board "21"]
[White "Villiers, Thomas"]
[Black "Pleasants, Allan J"]
[Result "1-0"]
[WhiteElo "2097"]
[BlackElo "2120"]
[PlyCount "77"]
[EventDate "2015.07.27"]
[EventRounds "11"]
[EventCountry "ENG"]

1. c4 e5 2. g3 h5 3. h4 Nf6 4. Bg2 d5 5. cxd5 c6 6. d4 exd4 7. Qxd4 cxd5 8. Bg5
Be7 9. Nf3 Nc6 10. Qa4 O-O 11. O-O Qb6 12. Nbd2 Bf5 13. Nb3 Bc2 14. Nfd4 Bxb3
15. Nxb3 Rfe8 16. Rad1 Rad8 17. Be3 Qc7 18. Rc1 Bd6 19. Bd4 Ne4 20. e3 Qe7 21.
Qb5 Bb8 22. Bc5 Qf6 23. Nd4 Ne5 24. Qe2 Ng4 25. Qf3 Qa6 26. Qe2 Qg6 27. Nf3
Bxg3 28. fxg3 Nxg3 29. Qd2 Ne4 30. Qd3 Nxc5 31. Qxg6 fxg6 32. Rxc5 Nxe3 33. Re1
Nxg2 34. Kxg2 Re4 35. Rxe4 dxe4 36. Ng5 Rd2+ 37. Kg3 Kf8 38. Rc8+ Ke7 39. Rc7+
 1-0

[Event "2015 British Chess Championships: Championship"]
[Site "University of Warwick, Coventry, Warwickshire"]
[Date "2015.08.06"]
[Round "10"]
[Board "22"]
[White "Willson, Ollie"]
[Black "Kalavannan, Koby"]
[Result "1/2-1/2"]
[WhiteElo "1909"]
[BlackElo "2178"]
[PlyCount "64"]
[EventDate "2015.07.27"]
[EventRounds "11"]
[EventCountry "ENG"]

1. d4 d5 2. Nf3 Bf5 3. g3 e6 4. Bg2 Nf6 5. O-O Be7 6. c4 c6 7. Nc3 h6 8. b3 O-O
9. Bb2 Nbd7 10. Rc1 Ne4 11. Nxe4 Bxe4 12. Nd2 Bxg2 13. Kxg2 f5 14. Nf3 g5 15.
Qd3 Nf6 16. Ne5 Kg7 17. a3 Nd7 18. Nf3 g4 19. Nd2 Bg5 20. Rce1 f4 21. f3 Nf6
22. Rh1 Rg8 23. Reg1 Kh8 24. Kf1 Qa5 25. gxf4 Bxf4 26. e3 Bg5 27. h4 gxh3 28.
Rxh3 h5 29. Rhg3 Nh7 30. Ke2 Qc7 31. f4 Bf6 32. Nf3 Qf7 1/2-1/2

[Event "2015 British Chess Championships: Championship"]
[Site "University of Warwick, Coventry, Warwickshire"]
[Date "2015.08.06"]
[Round "10"]
[Board "23"]
[White "Mckenna, Jason P"]
[Black "Burke, Mitchell R"]
[Result "0-1"]
[WhiteElo "2175"]
[BlackElo "1966"]
[PlyCount "112"]
[EventDate "2015.07.27"]
[EventRounds "11"]
[EventCountry "ENG"]

1. e4 c5 2. Nf3 d6 3. d4 cxd4 4. Nxd4 Nf6 5. Nc3 a6 6. Be2 e5 7. Nb3 Be7 8. O-O
Be6 9. f4 Qc7 10. a4 Nbd7 11. a5 O-O 12. f5 Bc4 13. Bxc4 Qxc4 14. Ra4 Qc6 15.
Be3 b5 16. axb6 Nxb6 17. Na5 Qc7 18. Ra2 Rfd8 19. Kh1 Nc4 20. Nxc4 Qxc4 21. Ra4
Qc6 22. Qf3 Rab8 23. Bc1 d5 24. exd5 Nxd5 25. Rg4 Kh8 26. f6 Qxf6 27. Qxf6 Nxf6
28. Ra4 Rb6 29. Ra5 Re6 30. Bg5 Bb4 31. Ra4 Bxc3 32. bxc3 h6 33. Bh4 Rd2 34.
Ra2 Ne4 35. Be1 Rd1 36. Kg1 f6 37. Ra4 Nd2 38. Bxd2 Rxd2 39. Rf2 Rd1+ 40. Rf1
Rd2 41. Rf2 Rd1+ 42. Rf1 Red6 43. h3 Kh7 44. Rxd1 Rxd1+ 45. Kh2 Rd6 46. Kg3 g5
47. Kf3 Kg6 48. g4 f5 49. Ke3 h5 50. Kf3 Re6 51. gxf5+ Kxf5 52. Ke3 g4 53.
hxg4+ hxg4 54. Ra1 Rc6 55. Rf1+ Kg5 56. Kd3 g3 0-1

[Event "2015 British Chess Championships: Championship"]
[Site "University of Warwick, Coventry, Warwickshire"]
[Date "2015.08.06"]
[Round "10"]
[Board "24"]
[White "Ilett, Raymond J"]
[Black "Willmoth, Robert F"]
[Result "0-1"]
[WhiteElo "1886"]
[BlackElo "2173"]
[PlyCount "102"]
[EventDate "2015.07.27"]
[EventRounds "11"]
[EventCountry "ENG"]

1. d4 d6 2. Nf3 Bg4 3. c4 Nd7 4. Nc3 g6 5. h3 Bxf3 6. exf3 Bg7 7. Be3 c5 8. d5
Bxc3+ 9. bxc3 Qa5 10. Qd2 Ngf6 11. Bh6 Rg8 12. Bd3 Ne5 13. Bf4 Nxd3+ 14. Qxd3
O-O-O 15. O-O Kb8 16. Rab1 g5 17. Rb5 Qc7 18. Bh2 h5 19. Rfb1 Ka8 20. Qe2 Rd7
21. Qb2 g4 22. hxg4 hxg4 23. fxg4 Nxg4 24. Bg3 Rg6 25. Qa3 a6 26. Rb6 Ka7 27.
Qa4 Rg8 28. f3 Ne3 29. Kf2 Nf5 30. Bf4 e5 31. dxe6 fxe6 32. g4 e5 33. Rxb7+
Qxb7 34. Rxb7+ Rxb7 35. Bc1 Ne7 36. Qd1 Rd7 37. Be3 Kb6 38. Qa4 Nc6 39. Qb3+
Kc7 40. Qa4 e4 41. g5 Rf7 42. f4 Rxg5 43. Qxa6 Rg8 44. Qa4 Rh7 45. Bc1 Rh1 46.
Ba3 Rh3 47. Qb5 Rf3+ 48. Ke2 Rg2+ 49. Ke1 e3 50. Bxc5 dxc5 51. Qxc5 e2 0-1

[Event "2015 British Chess Championships: Championship"]
[Site "University of Warwick, Coventry, Warwickshire"]
[Date "2015.08.06"]
[Round "10"]
[Board "25"]
[White "Zhang, Anthony Y"]
[Black "Fryer, David W"]
[Result "1-0"]
[WhiteElo "2109"]
[BlackElo "1951"]
[PlyCount "81"]
[EventDate "2015.07.27"]
[EventRounds "11"]
[EventCountry "ENG"]

1. Nf3 d5 2. d4 e6 3. c4 Nf6 4. Nc3 Be7 5. Bf4 O-O 6. e3 Nbd7 7. Qc2 c5 8. Rd1
cxd4 9. Rxd4 dxc4 10. Bg3 b5 11. Nxb5 Qa5+ 12. Nc3 Nb6 13. Ne5 Bb7 14. Nxc4
Nxc4 15. Bxc4 Bxg2 16. Rg1 Bd5 17. Bd3 Rfc8 18. Bh4 Rxc3 19. bxc3 Rc8 20. Kd2
Qc7 21. Rf4 Qd8 22. Ke1 e5 23. Ra4 e4 24. Be2 Qc7 25. Rg2 a5 26. Bg3 Qc6 27.
Be5 Bb4 28. a3 Qe6 29. Bxf6 Bb3 30. Qb2 Qxf6 31. Rxb4 axb4 32. Qxb3 Rxc3 33.
Qxb4 h6 34. Kd2 Rc8 35. Bd1 Qd8+ 36. Ke1 Rc6 37. Rg4 Rd6 38. Bb3 Qc7 39. Rxe4
Qc1+ 40. Ke2 Qb2+ 41. Kf3 1-0

[Event "2015 British Chess Championships: Championship"]
[Site "University of Warwick, Coventry, Warwickshire"]
[Date "2015.08.06"]
[Round "10"]
[Board "26"]
[White "Jarmany, John"]
[Black "Zhu, Richard"]
[Result "1-0"]
[WhiteElo "2036"]
[BlackElo "1869"]
[PlyCount "75"]
[EventDate "2015.07.27"]
[EventRounds "11"]
[EventCountry "ENG"]

1. e4 e6 2. d4 d5 3. Nd2 Nf6 4. e5 Nfd7 5. Bd3 c5 6. c3 cxd4 7. cxd4 Nc6 8. Ne2
f6 9. Nf4 Nxd4 10. Qh5+ Ke7 11. exf6+ Nxf6 12. Ng6+ hxg6 13. Qxh8 Kf7 14. Qh4
e5 15. Nf3 Nxf3+ 16. gxf3 Bf5 17. Bxf5 gxf5 18. Bg5 Qb6 19. O-O Be7 20. Rac1
Rd8 21. Rc2 Rd6 22. Rc8 Qxb2 23. Rfc1 Qa3 24. R1c3 Qxa2 25. Qh8 Qa4 26. Kg2 Qb4
27. R3c7 Re6 28. h4 e4 29. f4 e3 30. h5 Rb6 31. Bxf6 Qe4+ 32. Kg3 Kxf6 33. h6
Ke6 34. Rxe7+ Kxe7 35. Qxg7+ Kd6 36. Qc7+ Ke6 37. Re8+ Kf6 38. Qg7# 1-0

[Event "2015 British Chess Championships: Championship"]
[Site "University of Warwick, Coventry, Warwickshire"]
[Date "2015.08.06"]
[Round "10"]
[Board "27"]
[White "Graham, David B"]
[Black "Slade, Theodore"]
[Result "1/2-1/2"]
[WhiteElo "2162"]
[BlackElo "1962"]
[PlyCount "67"]
[EventDate "2015.07.27"]
[EventRounds "11"]
[EventCountry "ENG"]

1. e4 e6 2. Nc3 d5 3. d4 Nf6 4. Bg5 Bb4 5. e5 h6 6. Bd2 Bxc3 7. bxc3 Ne4 8. Bd3
Nxd2 9. Qxd2 c5 10. dxc5 Nd7 11. f4 Nxc5 12. Nf3 Qa5 13. O-O Bd7 14. Rab1 Rc8
15. Nd4 a6 16. f5 b5 17. Qf4 Nxd3 18. cxd3 exf5 19. g4 g5 20. Qf3 Qxc3 21. Nxf5
Bxf5 22. Qxf5 O-O 23. e6 fxe6 24. Qxe6+ Kh7 25. Rf7+ Rxf7 26. Qxf7+ Kh8 27. Rf1
Qg7 28. Qxd5 Rf8 29. Rxf8+ Qxf8 30. Qe5+ Kh7 31. Qe4+ Kh8 32. Qd4+ Kh7 33. Qe4+
Kh8 34. Qd4+ 1/2-1/2

[Event "2015 British Chess Championships: Championship"]
[Site "University of Warwick, Coventry, Warwickshire"]
[Date "2015.08.06"]
[Round "10"]
[Board "28"]
[White "Beckett, Chris J"]
[Black "Golding, Alex"]
[Result "1-0"]
[WhiteElo "2160"]
[BlackElo "1963"]
[PlyCount "129"]
[EventDate "2015.07.27"]
[EventRounds "11"]
[EventCountry "ENG"]

1. d4 Nf6 2. c4 c5 3. d5 b5 4. cxb5 a6 5. f3 d6 6. e4 Nbd7 7. a4 g6 8. Na3 Bg7
9. Ne2 O-O 10. Nc3 axb5 11. Naxb5 Ne8 12. Be2 Nc7 13. O-O Nxb5 14. Nxb5 Qb6 15.
Kh1 Ba6 16. Rb1 Rfb8 17. Be3 Qd8 18. b3 Nf6 19. Qd2 Ne8 20. Rfd1 Nc7 21. Na3
Bxe2 22. Qxe2 Rb7 23. Nc4 Qb8 24. Qd3 Na6 25. f4 Qc7 26. Bd2 Nb4 27. Qg3 Nc2
28. e5 Nd4 29. Bc3 Nf5 30. Qe1 Qb8 31. Na5 Rxa5 32. Bxa5 dxe5 33. Qc3 exf4 34.
Qxc5 Rxb3 35. Qc2 Rxb1 36. Rxb1 Qa8 37. Qc5 Bd4 38. Qb5 Kg7 39. Rd1 Bf6 40. Bb6
Qc8 41. Qc6 Qa6 42. Qb5 Qc8 43. Qd3 Qd7 44. Qe4 g5 45. a5 Nd6 46. Qd3 Qa4 47.
Rc1 Ne4 48. Qc4 Qa3 49. Rd1 Nc3 50. Re1 Qd6 51. Bd4 Nxd5 52. Bxf6+ Nxf6 53. a6
Qb6 54. h3 f3 55. gxf3 Qf2 56. Qe2 Qa7 57. Kh2 e6 58. Qe3 Qc7+ 59. Qe5 Qc2+ 60.
Re2 Qc4 61. a7 Qa6 62. Qxg5+ Kf8 63. Qc5+ Ke8 64. Rc2 Kd7 65. Qc7+ 1-0

[Event "2015 British Chess Championships: Championship"]
[Site "University of Warwick, Coventry, Warwickshire"]
[Date "2015.08.06"]
[Round "10"]
[Board "29"]
[White "Waters, Clive L"]
[Black "Evans, Nicholas Thomas"]
[Result "1/2-1/2"]
[WhiteElo "2147"]
[BlackElo "1923"]
[PlyCount "103"]
[EventDate "2015.07.27"]
[EventRounds "11"]
[EventCountry "ENG"]

1. d4 d5 2. Nf3 e6 3. c4 c5 4. cxd5 exd5 5. g3 Nc6 6. Bg2 Nf6 7. O-O Be7 8. a3
c4 9. Ne5 O-O 10. Bg5 Be6 11. Nxc6 bxc6 12. b3 c5 13. bxc4 cxd4 14. Qxd4 dxc4
15. Qxd8 Raxd8 16. Nc3 h6 17. Be3 Rd7 18. Bc6 Rc7 19. Bf3 Rd7 20. Rfc1 a6 21.
Kg2 Rc8 22. Na4 Nd5 23. Bxd5 Bxd5+ 24. f3 Bf6 25. Rab1 Re8 26. Nb6 Rdd8 27. Kf2
c3 28. Rb4 Bc6 29. Na4 a5 30. Rc4 Bb5 31. Rf4 Bg5 32. Nxc3 Bxf4 33. Bxf4 Bc6
34. Bc7 Ra8 35. Nd1 Bb5 36. Ne3 Rac8 37. Rc5 a4 38. Rc2 Re7 39. Nd5 Rd7 40. e4
Ba6 41. Rc3 Bb7 42. Ba5 Rxc3 43. Nxc3 f6 44. Ke3 Bc6 45. h4 g6 46. Bb4 Kf7 47.
Bc5 g5 48. h5 Rd8 49. g4 Ke6 50. Bb4 Ke5 51. Bc5 Rb8 52. Bb4 1/2-1/2

[Event "2015 British Chess Championships: Championship"]
[Site "University of Warwick, Coventry, Warwickshire"]
[Date "2015.08.06"]
[Round "10"]
[Board "30"]
[White "Peacock, Malcolm R"]
[Black "Shepherd, Katherine M"]
[Result "1-0"]
[WhiteElo "2123"]
[BlackElo "1864"]
[PlyCount "141"]
[EventDate "2015.07.27"]
[EventRounds "11"]
[EventCountry "ENG"]

1. c4 Nf6 2. g3 c6 3. Bg2 d5 4. Nf3 Bg4 5. Ne5 Be6 6. cxd5 Bxd5 7. Nf3 c5 8.
Nc3 Bc6 9. O-O Nbd7 10. d4 e6 11. Bf4 Be7 12. dxc5 Nxc5 13. Qc2 O-O 14. b4 Ncd7
15. b5 Bd5 16. e4 Rc8 17. Ne5 Bb4 18. Nxd7 Qxd7 19. exd5 Bxc3 20. Rad1 Nxd5 21.
Qb3 Rfd8 22. Rd3 Rc5 23. Bxd5 Bf6 24. Be4 Qxb5 25. Rxd8+ Bxd8 26. Be3 Qxb3 27.
axb3 Rb5 28. Rc1 Kf8 29. Bc2 Bb6 30. Bxb6 Rxb6 31. Rd1 Ke7 32. Kf1 Rc6 33. Be4
Rc3 34. Rd3 Rxd3 35. Bxd3 h6 36. Ke2 Kd6 37. Kd2 Kc5 38. Kc3 a5 39. Bh7 e5 40.
Be4 b5 41. g4 g6 42. h4 Kd6 43. Bd3 Kc5 44. f3 Kc6 45. Kd2 Kc5 46. Ke3 a4 47.
bxa4 bxa4 48. Ke4 a3 49. Bb1 f5+ 50. gxf5 gxf5+ 51. Kxe5 h5 52. Kxf5 Kd4 53. f4
Kd5 54. Ba2+ Kd6 55. Kf6 Kd7 56. f5 Ke8 57. Kg7 Ke7 58. f6+ Kd6 59. f7 Ke5 60.
f8=Q Kd4 61. Kf6 Kc3 62. Qxa3+ Kd4 63. Qd6+ Ke3 64. Ke5 Kf3 65. Qd4 Kg3 66. Be6
Kf3 67. Qd3+ Kf2 68. Kf4 Kg2 69. Qc2+ Kg1 70. Kg3 Kf1 71. Qf2# 1-0

[Event "2015 British Chess Championships: Championship"]
[Site "University of Warwick, Coventry, Warwickshire"]
[Date "2015.08.06"]
[Round "10"]
[Board "31"]
[White "Wager, John D"]
[Black "Myall, Ivan J"]
[Result "0-1"]
[WhiteElo "2117"]
[BlackElo "2048"]
[PlyCount "70"]
[EventDate "2015.07.27"]
[EventRounds "11"]
[EventCountry "ENG"]

1. d4 Nf6 2. Nf3 d5 3. e3 c6 4. b3 Bg4 5. Be2 e6 6. O-O Bd6 7. c4 Qe7 8. Bb2
Bxf3 9. Bxf3 O-O 10. Nc3 Nbd7 11. Re1 Rad8 12. Qc2 dxc4 13. bxc4 e5 14. g3 Rfe8
15. Re2 e4 16. Bg2 Qe6 17. Qb3 b6 18. a4 Qf5 19. a5 h5 20. axb6 axb6 21. Ba3
Bb8 22. Rea2 h4 23. Qc2 hxg3 24. hxg3 Qh7 25. Bb2 b5 26. cxb5 cxb5 27. Nxb5 Ng4
28. Qe2 Qh2+ 29. Kf1 Ndf6 30. Nc3 Bxg3 31. fxg3 Qxg3 32. Bc1 Nh2+ 33. Kg1 Nfg4
34. Kh1 Nf3 35. Bxf3 exf3 0-1